000 00522nam a2200181Ia 4500
001 25287
005 20260414151139.0
008 260414t2009||||xx |||||||||||||| ||spa||
041 _aESP
082 _a346.431
_bR22
100 _aRamírez Cruz, Eugenio María
_eAUT
245 0 _aLa garantía mobiliaria :
_bnuevas perspectivas del préstamo con garantía mobiliaria sin desposesión del deudor
260 _c2009
300 _a524 páginas :
_c24 cm.
650 _aDER
654 _aCDE
942 _cLIB
_dJUS
_fJUS
_2ddc
_n
999 _c25287
_d25287